| 000 | 00846nam a22002417a 4500 | ||
|---|---|---|---|
| 005 | 20130219104031.0 | ||
| 008 | 130219t xxu||||| |||| 00| 0 eng d | ||
| 010 | _aENG-106682 | ||
| 020 |
_a9788189948856 _c1050.00 |
||
| 035 | _aEN-90215 | ||
| 037 | _bDBAD / PUB | ||
| 040 |
_adpl _bEnglish |
||
| 082 | _a327 | ||
| 100 |
_955100 _aYadav, Pawan |
||
| 245 |
_aInternational relations / _cby Pawan Yadav |
||
| 260 |
_aNew Delhi _bSrishti Book Distributors _c2012 |
||
| 270 |
_a4378/4-B-202, 2nd floor, JMD House, Ansari Road, Daryaganj _bNew Delhi _e110002 |
||
| 300 |
_avii, 272p. _c20cm(Hb) |
||
| 500 | _aIncludes bibliographical references and index | ||
| 650 | _955101 | ||
| 942 |
_2ddc _cEN _mYAD _h327 |
||
| 999 |
_c73685 _d73685 |
||